| 000 | 00870nam a22002537a 4500 | ||
|---|---|---|---|
| 005 | 20170123162313.0 | ||
| 010 | _aB-070402 | ||
| 020 | _c250.00 | ||
| 035 | _aB-070402 | ||
| 037 | _bCen Lib/Ret | ||
| 040 |
_aDPL _bUR |
||
| 082 |
_a846 _bن ظ ا |
||
| 245 |
_aمکتوباتِ ساغر نظامی / _cمرتب فیروز مزففر |
||
| 246 |
_aMaqtoobat-e-saghar nizami / _bedited by Firoze Muzaffar |
||
| 260 |
_aنیی دہلی _bماڈرن پبلشنگ ہاؤس _c2001 |
||
| 270 |
_bنیی دہلی _a9, گولہ مارکیٹ، دریگنج _e110002 |
||
| 300 |
_a272p. _c21cm(Hb) |
||
| 650 |
_aاردو ادب _9112755 |
||
| 650 |
_aاردو سونےعمری _9112756 |
||
| 650 |
_aUrdu literature _9112757 |
||
| 650 |
_aUrdu biography _9511 |
||
| 700 |
_a فیروز مزففر _9433 |
||
| 942 |
_2ddc _cUR _h846 _mن ظ ا |
||
| 999 |
_c106513 _d106513 |
||